[Event "Africa-ch Blitz"]
[Site "Casablanca"]
[Date "2019.08.28"]
[Round "3.14"]
[White "Chumfwa, Stanley"]
[Black "Beukes, Dante M"]
[Result "1/2-1/2"]
[WhiteElo "2193"]
[BlackElo "1979"]
[PlyCount "148"]
[EventDate "2019.08.28"]
[EventType "swiss (blitz)"]
[EventRounds "9"]
[EventCountry "MAR"]
[SourceTitle "EXT 2024"]
[Source "ChessBase"]
[SourceDate "2023.10.10"]
[SourceVersion "1"]
[SourceVersionDate "2023.10.10"]
[SourceQuality "1"]

1. e4 c5 2. Nf3 Nc6 3. d4 cxd4 4. Nxd4 g6 5. Nc3 Bg7 6. Be3 Nf6 7. Bc4 Qa5 8. 0-0 0-0 9. Bb3 d6 10. h3 Bd7 11. Nf3 Rac8 12. Re1 Qh5 13. Qe2 Rfe8 14. Rad1 Na5 15. Bg5 Nxb3 16. axb3 Bc6 17. Nd5 Bxd5 18. exd5 h6 19. Bc1 Nd7 20. c4 Nc5 21. Qc2 b5 22. cxb5 Nd7 23. Qe4 Nb6 24. Qd3 Rc5 25. Be3 Rxd5 26. Qc2 Rxd1 27. Rxd1 Rc8 28. Qe4 Rc7 29. Bxb6 axb6 30. Qa8+ Kh7 31. Qb8 Qc5 32. Ra1 Rc8 33. Qb7 Qc7 34. Qe4 Bxb2 35. Ra6 Bf6 36. g3 Qc1+ 37. Kg2 Qc5 38. Qb7 Rc7 39. Qxb6 Qxb6 40. Rxb6 Rc3 41. Nd2 Rd3 42. Ne4 Rxb3 43. Nxf6+ exf6 44. Rxd6 Rxb5 45. h4 Kg7 46. Rd7 h5 47. Rd3 Rb2 48. Rd8 f5 49. Rd5 Kf6 50. Rd6+ Ke7 51. Rd3 Ke6 52. Re3+ Kf6 53. Re8 Ra2 54. Re3 Ra1 55. Rf3 Kg7 56. Rf4 Kf6 57. Rf3 Ke5 58. Re3+ Kf6 59. Rf3 Ra4 60. Rb3 f4 61. Kf3 fxg3 62. fxg3 Ra1 63. Rd3 Rf1+ 64. Kg2 Ra1 65. Kf3 Ra2 66. Rb3 Ke6 67. Rb6+ Kf5 68. Rb5+ Kf6 69. Rb6+ Kg7 70. Rc6 Ra3+ 71. Kf4 Ra4+ 72. Kf3 Ra3+ 73. Kf4 Ra4+ 74. Kf3 Ra3+ 1/2-1/2

[Event "Africa-ch Blitz"]
[Site "Casablanca"]
[Date "2019.08.28"]
[Round "1.21"]
[White "Chumfwa, Stanley"]
[Black "Kourakoumba, Florent"]
[Result "1-0"]
[WhiteElo "2193"]
[BlackElo "1677"]
[PlyCount "97"]
[EventDate "2019.08.28"]
[EventType "swiss (blitz)"]
[EventRounds "9"]
[EventCountry "MAR"]
[SourceTitle "EXT 2024"]
[Source "ChessBase"]
[SourceDate "2023.10.10"]
[SourceVersion "1"]
[SourceVersionDate "2023.10.10"]
[SourceQuality "1"]

1. e4 e6 2. d4 d6 3. Nc3 Be7 4. f4 Bd7 5. Nf3 a6 6. Bd3 f6 7. 0-0 Nh6 8. Qe1 0-0 9. f5 Nf7 10. Qg3 Kh8 11. Ne2 Rg8 12. Nf4 e5 13. Ne6 Bxe6 14. fxe6 Ng5 15. Bxg5 fxg5 16. dxe5 Nc6 17. exd6 cxd6 18. Kh1 h6 19. e5 dxe5 20. Nxe5 Nxe5 21. Qxe5 Bf6 22. Qf5 g6 23. Qxf6+ Qxf6 24. Rxf6 Raf8 25. Raf1 Rxf6 26. Rxf6 Rg7 27. Bxg6 Re7 28. Rf8+ Kg7 29. Rf7+ Rxf7 30. exf7 b5 31. a3 a5 32. b3 b4 33. axb4 axb4 34. Kg1 g4 35. Kf2 h5 36. Ke3 h4 37. Kd4 g3 38. hxg3 hxg3 39. Kc5 Kf8 40. Kd6 Kg7 41. Ke7 Kxg6 42. f8Q Kg5 43. Ke6 Kg4 44. Qf3+ Kh4 45. Qf6+ Kg4 46. Ke5 Kh5 47. Qg7 Kh4 48. Kf5 Kh5 49. Qh7# 1-0

[Event "African-ch rapid"]
[Site "Casablanca"]
[Date "2019.08.27"]
[Round "9"]
[White "Tissir, Mohamed"]
[Black "Chumfwa, Stanley"]
[Result "0-1"]
[WhiteElo "2379"]
[BlackElo "2317"]
[PlyCount "82"]
[EventDate "2019.08.26"]
[EventType "swiss (rapid)"]
[EventRounds "9"]
[EventCountry "MAR"]
[SourceTitle "EXT 2020"]
[Source "ChessBase"]
[SourceDate "2019.10.17"]
[SourceVersion "1"]
[SourceVersionDate "2019.10.17"]
[SourceQuality "1"]

1. e4 c5 2. Nc3 d6 3. Nf3 Nf6 4. d4 cxd4 5. Nxd4 a6 6. Bc4 e6 7. Bb3 Nc6 8. Be3 Be7 9. Qe2 Qc7 10. 0-0-0 Na5 11. g4 b5 12. g5 Nxb3+ 13. axb3 Nd7 14. Kb1 b4 15. Na4 Nc5 16. Bd2 Bd7 17. h4 Nxa4 18. bxa4 Bxa4 19. Bxb4 0-0 20. Rh3 Rab8 21. Qd2 Qb6 22. Bc3 Rfc8 23. f4 Bf8 24. h5 Bd7 25. Rg3 Qb7 26. Re1 d5 27. g6 fxg6 28. Nb3 Rxc3 29. Rxc3 Bb4 30. hxg6 hxg6 31. exd5 Qxd5 32. Qxd5 exd5 33. Rc7 Bxe1 34. Rxd7 Bg3 35. Rxd5 Bxf4 36. Nc5 Rb6 37. Rd8+ Kh7 38. Ra8 g5 39. Nxa6 g4 40. Nc5 g3 41. Nd7 g2 0-1

[Event "Africa-chT rapid"]
[Site "Casablanca"]
[Date "2019.08.25"]
[Round "8.1"]
[White "Chumfwa, Stanley"]
[Black "Adly, Ahmed"]
[Result "0-1"]
[WhiteElo "2317"]
[BlackElo "2636"]
[PlyCount "104"]
[EventDate "2019.08.24"]
[EventType "team-swiss (rapid)"]
[EventRounds "9"]
[EventCountry "MAR"]
[SourceTitle "EXT 2020"]
[Source "ChessBase"]
[SourceDate "2019.10.17"]
[SourceVersion "1"]
[SourceVersionDate "2019.10.17"]
[SourceQuality "1"]
[WhiteTeam "Zambia"]
[BlackTeam "Egypt"]
[WhiteTeamCountry "ZAM"]
[BlackTeamCountry "EGY"]

1. e4 b6 2. d4 Bb7 3. Nd2 g6 4. Bd3 Bg7 5. Ngf3 d6 6. 0-0 Nd7 7. c4 e6 8. Re1 Ne7 9. Rb1 0-0 10. Nf1 Nc6 11. Bg5 Qc8 12. Bc2 h6 13. Be3 Nb4 14. a3 Nxc2 15. Qxc2 Nf6 16. Ng3 Ng4 17. Bd2 f5 18. exf5 exf5 19. d5 f4 20. Ne4 Qd7 21. Bc3 Rae8 22. Bxg7 Qxg7 23. Rbd1 Bc8 24. Qc3 Ne5 25. Nd4 f3 26. Nxf3 Nxf3+ 27. gxf3 Qf7 28. Re3 Re5 29. Rde1 Rf5 30. Ng3 Rxf3 31. Rxf3 Qxf3 32. Qxf3 Rxf3 33. Re8+ Rf8 34. Re7 Rf7 35. Re8+ Rf8 36. Re7 Bh3 37. Rxc7 Rf4 38. Rc6 h5 39. Rxd6 Kf7 40. Rc6 h4 41. Rc7+ Kf8 42. b4 hxg3 43. hxg3 Rf7 44. Rxf7+ Kxf7 45. f3 Bc8 46. Kf2 Ba6 47. Ke3 Bxc4 48. Kd4 Be2 49. f4 Kf6 50. a4 Kf5 51. a5 Bb5 52. g4+ Kxf4 0-1

[Event "Africa-chT rapid"]
[Site "Casablanca"]
[Date "2019.08.25"]
[Round "7.5"]
[White "Rita, Jeorciley"]
[Black "Chumfwa, Stanley"]
[Result "0-1"]
[WhiteElo "1920"]
[BlackElo "2317"]
[PlyCount "96"]
[EventDate "2019.08.24"]
[EventType "team-swiss (rapid)"]
[EventRounds "9"]
[EventCountry "MAR"]
[SourceTitle "EXT 2020"]
[Source "ChessBase"]
[SourceDate "2019.10.17"]
[SourceVersion "1"]
[SourceVersionDate "2019.10.17"]
[SourceQuality "1"]
[WhiteTeam "Sao Tome and Principe"]
[BlackTeam "Zambia"]
[WhiteTeamCountry "SAO"]
[BlackTeamCountry "ZAM"]

1. d4 Nf6 2. Nf3 g6 3. Bg5 Bg7 4. e3 Ne4 5. Bh4 0-0 6. Bd3 d5 7. Nbd2 Bf5 8. h3 c5 9. g4 Nxd2 10. Qxd2 Bxd3 11. Qxd3 Nc6 12. c3 cxd4 13. exd4 Qb6 14. 0-0 Rac8 15. Rab1 Rfe8 16. Rfe1 Qa5 17. a3 b5 18. Nd2 Qb6 19. Nf3 a5 20. Ne5 Nxe5 21. dxe5 e6 22. Rbc1 Rc4 23. Kg2 Rec8 24. Qe3 Qc6 25. f3 d4 26. Qd3 dxc3 27. Rxc3 Rxc3 28. bxc3 Qxc3 29. Qxb5 Qxa3 30. Re2 Qc5 31. Qxc5 Rxc5 32. f4 Bf8 33. Ra2 Rd5 34. Be1 Bb4 35. Bxb4 axb4 36. Rb2 Rd4 37. Kf3 Kf8 38. g5 Ke7 39. Ke3 Rc4 40. h4 Kd7 41. Rd2+ Kc7 42. Rd4 Rxd4 43. Kxd4 Kc6 44. Kc4 b3 45. Kxb3 Kd5 46. Kc3 Ke4 47. Kc4 Kxf4 48. Kd4 Kf5 0-1

[Event "Mansa Chilufya Memorial"]
[Site "Mansa"]
[Date "2017.10.21"]
[Round "4"]
[White "Chumfwa, Stanley"]
[Black "Wanyama, Harold"]
[Result "0-1"]
[WhiteElo "2278"]
[BlackElo "2290"]
[PlyCount "86"]
[EventDate "2017.10.20"]
[EventType "tourn"]
[EventRounds "9"]
[EventCountry "ZAM"]
[EventCategory "7"]
[SourceTitle "CBM 181 Extra"]
[Source "ChessBase"]
[SourceDate "2017.12.12"]
[SourceVersion "1"]
[SourceVersionDate "2017.12.12"]
[SourceQuality "1"]

1. e4 c5 2. Nf3 e6 3. d4 cxd4 4. Nxd4 a6 5. Nc3 Qc7 6. Be2 Nf6 7. 0-0 Nc6 8. Be3 h5 9. f4 d6 10. Kh1 Bd7 11. a4 Na5 12. Qd3 Rc8 13. Rad1 Be7 14. f5 Nc4 15. Bc1 h4 16. fxe6 fxe6 17. Qh3 e5 18. Ne6 Bxe6 19. Qxe6 Nb6 20. Qf5 Qd7 21. Qg6+ Kd8 22. a5 Na4 23. Nxa4 Qxa4 24. b3 Qe8 25. Qxe8+ Kxe8 26. Bd3 Kd7 27. c4 Ke6 28. b4 Kf7 29. Bd2 Kg6 30. Rf3 Rhf8 31. Rdf1 Nd7 32. Rf5 Kh7 33. g4 hxg3 34. hxg3 Kg6 35. Kg2 Nf6 36. R1f3 Rh8 37. Rf1 Ng4 38. Rh1 Rxh1 39. Kxh1 Rh8+ 40. Kg1 Rh2 41. Be1 Rb2 42. Bf1 Bg5 43. Bh3 Be3+ 0-1

[Event "Mansa Chilufya Memorial"]
[Site "Mansa"]
[Date "2017.10.20"]
[Round "1"]
[White "Adly, Ahmed"]
[Black "Chumfwa, Stanley"]
[Result "1-0"]
[WhiteElo "2625"]
[BlackElo "2278"]
[PlyCount "65"]
[EventDate "2017.10.20"]
[EventType "tourn"]
[EventRounds "9"]
[EventCountry "ZAM"]
[EventCategory "7"]
[SourceTitle "CBM 181 Extra"]
[Source "ChessBase"]
[SourceDate "2017.12.12"]
[SourceVersion "1"]
[SourceVersionDate "2017.12.12"]
[SourceQuality "1"]

1. d4 Nf6 2. Nf3 e6 3. c4 b6 4. g3 Ba6 5. b3 Bb7 6. Bg2 Bb4+ 7. Bd2 a5 8. 0-0 0-0 9. Qc2 d6 10. Bg5 a4 11. Nc3 axb3 12. axb3 Rxa1 13. Rxa1 Bxc3 14. Qxc3 Nbd7 15. Ra7 Qb8 16. Qa1 Be4 17. Qa6 h6 18. Bxf6 Nxf6 19. Ne1 Bxg2 20. Kxg2 Qc8 21. Qa4 Rd8 22. Qc6 Ne8 23. Nd3 Qd7 24. Qxd7 Rxd7 25. Ra8 Kf8 26. Rb8 f5 27. Nf4 Ke7 28. Nxe6 d5 29. cxd5 Kf7 30. Rc8 g5 31. f3 Ke7 32. Kf2 Rxd5 33. Rxe8+ 1-0

[Event "Harare op"]
[Site "Harare"]
[Date "2015.12.29"]
[Round "4"]
[White "Chumfwa, Stanley"]
[Black "Oatlhotse, Providence"]
[Result "1-0"]
[WhiteElo "2307"]
[BlackElo "2309"]
[PlyCount "139"]
[EventDate "2015.12.28"]
[EventType "swiss"]
[EventRounds "9"]
[EventCountry "ZIM"]
[SourceTitle "EXT 2017"]
[Source "ChessBase"]
[SourceDate "2016.10.25"]
[SourceVersion "1"]
[SourceVersionDate "2016.10.25"]
[SourceQuality "1"]

1. Nf3 Nf6 2. c4 c6 3. d4 d5 4. Nc3 e6 5. Bg5 Nbd7 6. e3 Qa5 7. Bxf6 Nxf6 8. Nd2 Bb4 9. Qc2 e5 10. dxe5 Ne4 11. cxd5 Nxc3 12. bxc3 Bxc3 13. Rc1 Bxe5 14. dxc6 0-0 15. Bd3 bxc6 16. Bxh7+ Kh8 17. Bd3 Be6 18. 0-0 Qxa2 19. Qxa2 Bxa2 20. Bc4 Bxc4 21. Nxc4 Bc7 22. Rfd1 Rfd8 23. g3 Kg8 24. Kf1 Kf8 25. Rxd8+ Rxd8 26. Rb1 Ra8 27. Rb7 Bd8 28. Ne5 a5 29. Nxc6 Bf6 30. Rb3 a4 31. Ra3 Bb2 32. Ra2 a3 33. Nb4 Rc8 34. Ke2 Rb8 35. Nd3 g5 36. Kd2 Kg7 37. Kc2 Rh8 38. Nxb2 axb2 39. Rxb2 Rxh2 40. Kd3 Kg6 41. Ke4 f6 42. Kf3 Rh1 43. Rb6 Rc1 44. Rd6 Rb1 45. e4 Rb3+ 46. Ke2 Rb2+ 47. Ke3 Rb3+ 48. Rd3 Rb2 49. Ra3 Rc2 50. f4 gxf4+ 51. gxf4 Rc4 52. Ra7 Rb4 53. f5+ Kh6 54. Rf7 Rb6 55. Re7 Rb3+ 56. Kd4 Kg5 57. Kd5 Re3 58. Kd6 Re2 59. Re6 Ra2 60. Ke7 Ra7+ 61. Kf8 Rb7 62. Re7 Rb8+ 63. Kg7 Rb6 64. Kh7 Ra6 65. Rg7+ Kf4 66. Kg6 Kxe4 67. Re7+ Kd5 68. Kf7 Rb6 69. Re6 Rb7+ 70. Kxf6 1-0

[Event "Africa-ch"]
[Site "Windhoek"]
[Date "2014.12.20"]
[Round "7"]
[White "Chumfwa, Stanley"]
[Black "Magana, Ben"]
[Result "1-0"]
[WhiteElo "2356"]
[BlackElo "2063"]
[PlyCount "83"]
[EventDate "2014.12.13"]
[EventType "swiss"]
[EventRounds "9"]
[EventCountry "NAM"]
[SourceTitle "CBM 164 Extra"]
[Source "ChessBase"]
[SourceDate "2015.03.02"]
[SourceVersion "1"]
[SourceVersionDate "2015.03.02"]
[SourceQuality "1"]

1. e4 e5 2. Nf3 Nc6 3. Bb5 a6 4. Ba4 Nf6 5. 0-0 Be7 6. Re1 b5 7. Bb3 0-0 8. c3 d5 9. exd5 Nxd5 10. Nxe5 Nxe5 11. Rxe5 c6 12. d4 Bd6 13. Re1 Qh4 14. g3 Qh3 15. Re4 g5 16. Qe2 Bf5 17. Nd2 Nf6 18. f3 Rae8 19. Bc2 g4 20. Rxe8 Rxe8 21. Ne4 Nxe4 22. fxe4 Bxg3 23. hxg3 Qxg3+ 24. Kf1 Re6 25. Qg2 Qxg2+ 26. Kxg2 Bxe4+ 27. Bxe4 Rxe4 28. Bh6 Re2+ 29. Kg3 Rxb2 30. Kxg4 Rh2 31. Bf4 Rc2 32. a4 Rxc3 33. axb5 axb5 34. Kf5 h5 35. Ra8+ Kh7 36. Be5 Rf3+ 37. Kg5 f6+ 38. Bxf6 Rg3+ 39. Kxh5 Rh3+ 40. Bh4 Rd3 41. Ra7+ Kg8 42. Kg6 1-0

[Event "Africa-ch"]
[Site "Windhoek"]
[Date "2014.12.19"]
[Round "6"]
[White "Fawole, John Oyeyemi"]
[Black "Chumfwa, Stanley"]
[Result "1-0"]
[WhiteElo "2214"]
[BlackElo "2356"]
[PlyCount "71"]
[EventDate "2014.12.13"]
[EventType "swiss"]
[EventRounds "9"]
[EventCountry "NAM"]
[SourceTitle "CBM 164 Extra"]
[Source "ChessBase"]
[SourceDate "2015.03.02"]
[SourceVersion "1"]
[SourceVersionDate "2015.03.02"]
[SourceQuality "1"]

1. e4 c5 2. Nc3 d6 3. f4 Nc6 4. Nf3 g6 5. Bb5 Bg7 6. Bxc6+ bxc6 7. d3 Nf6 8. 0-0 0-0 9. Qe1 Ne8 10. Bd2 f5 11. e5 Nc7 12. Qh4 Ne6 13. Ne2 d5 14. Rad1 Rf7 15. b3 a5 16. c4 a4 17. Nc3 axb3 18. axb3 Rb8 19. Rb1 Bf8 20. Na4 dxc4 21. dxc4 Nd4 22. Be3 Rxb3 23. Rxb3 Nxb3 24. Nxc5 Nxc5 25. Bxc5 Qd3 26. Rc1 e6 27. Qf2 Rb7 28. Bxf8 Kxf8 29. h4 Kg8 30. Kh2 Rb3 31. Ra1 Bb7 32. Nd4 Rb4 33. Nxe6 Rxc4 34. Nc5 Qc3 35. Ra7 Rxc5 36. Rxb7 1-0

[Event "Olympiad-41"]
[Site "Tromsoe"]
[Date "2014.08.10"]
[Round "8.1"]
[White "Chumfwa, Stanley"]
[Black "Cuartas, Jaime Alexander"]
[Result "0-1"]
[WhiteElo "2317"]
[BlackElo "2489"]
[PlyCount "68"]
[EventDate "2014.08.02"]
[EventType "team-swiss"]
[EventRounds "11"]
[EventCountry "NOR"]
[SourceTitle "CBM 162"]
[Source "ChessBase"]
[SourceDate "2014.09.17"]
[SourceVersion "1"]
[SourceVersionDate "2014.09.17"]
[SourceQuality "1"]
[WhiteTeam "Zambia"]
[BlackTeam "Colombia"]
[WhiteTeamCountry "ZAM"]
[BlackTeamCountry "COL"]

1. e4 c6 2. d4 d5 3. Nd2 dxe4 4. Nxe4 Bf5 5. Ng3 Bg6 6. h4 h6 7. Nf3 Nd7 8. h5 Bh7 9. Bd3 Bxd3 10. Qxd3 e6 11. Bd2 Qb6 12. 0-0-0 Ngf6 13. Rhe1 Be7 14. c4 Rd8 15. Kb1 0-0 16. Ne4 c5 17. d5 exd5 18. cxd5 Nxe4 19. Rxe4 Bf6 20. Qa3 Qb5 21. Bc3 Bxc3 22. Qxc3 Nf6 23. Re5 Ng4 24. Re7 Nxf2 25. Rd2 Ng4 26. d6 c4 27. d7 Qc5 28. Re4 Qf5 29. Qc2 Rxd7 30. Rxd7 Qxd7 31. Rd4 Qe6 32. Qxc4 Qf5+ 33. Qc2 Qxh5 34. Rd7 Ne3 0-1

[Event "Olympiad-41"]
[Site "Tromsoe"]
[Date "2014.08.06"]
[Round "5.1"]
[White "Chumfwa, Stanley"]
[Black "Tologontegin, Semetey"]
[Result "0-1"]
[WhiteElo "2317"]
[BlackElo "2354"]
[PlyCount "64"]
[EventDate "2014.08.02"]
[EventType "team-swiss"]
[EventRounds "11"]
[EventCountry "NOR"]
[SourceTitle "CBM 162"]
[Source "ChessBase"]
[SourceDate "2014.09.17"]
[SourceVersion "1"]
[SourceVersionDate "2014.09.17"]
[SourceQuality "1"]
[WhiteTeam "Zambia"]
[BlackTeam "Kyrgyzstan"]
[WhiteTeamCountry "ZAM"]
[BlackTeamCountry "KGZ"]

1. e4 c5 2. Nf3 e6 3. d4 cxd4 4. Nxd4 a6 5. Nc3 Qc7 6. g3 Bb4 7. Nde2 Be7 8. Bg2 Nf6 9. 0-0 0-0 10. h3 Nc6 11. g4 Rd8 12. Nf4 b5 13. g5 Ne8 14. Nh5 Bb7 15. f4 d5 16. e5 Nb4 17. a3 d4 18. Ne4 Nxc2 19. Nhf6+ Bxf6 20. gxf6 Nxa1 21. fxg7 Qc2 22. Qe1 Nb3 23. f5 exf5 24. e6 f6 25. Qb4 Nc5 26. Nxf6+ Nxf6 27. Bxb7 Ra7 28. e7 Re8 29. Qxd4 Rxb7 30. Qxf6 Rbxe7 31. Bh6 Nd7 32. Qxa6 Re6 0-1

[Event "Olympiad-41"]
[Site "Tromsoe"]
[Date "2014.08.04"]
[Round "3.1"]
[White "Chumfwa, Stanley"]
[Black "Lie, Espen"]
[Result "1-0"]
[WhiteElo "2317"]
[BlackElo "2435"]
[PlyCount "113"]
[EventDate "2014.08.02"]
[EventType "team-swiss"]
[EventRounds "11"]
[EventCountry "NOR"]
[SourceTitle "CBM 162"]
[Source "ChessBase"]
[SourceDate "2014.09.17"]
[SourceVersion "1"]
[SourceVersionDate "2014.09.17"]
[SourceQuality "1"]
[WhiteTeam "Zambia"]
[BlackTeam "Norway III"]
[WhiteTeamCountry "ZAM"]
[BlackTeamCountry "NOR"]

1. e4 e5 2. Nf3 Nc6 3. Bb5 a6 4. Ba4 Nf6 5. 0-0 Be7 6. Re1 b5 7. Bb3 d6 8. c3 0-0 9. h3 Na5 10. Bc2 c5 11. d4 Qc7 12. Nbd2 Bd7 13. Nf1 Nc4 14. Ng3 g6 15. b3 Nb6 16. dxe5 dxe5 17. Qd2 Bc6 18. Qh6 Rfe8 19. Bg5 Bf8 20. Qh4 Nfd7 21. Nh2 Re6 22. Ng4 h5 23. Nh6+ Bxh6 24. Bxh6 Qd8 25. Bg5 f6 26. Be3 Qe7 27. Rad1 Nf8 28. Ne2 Be8 29. f3 Rc6 30. Qf2 Ne6 31. f4 exf4 32. Nxf4 Nxf4 33. Bxf4 Re6 34. Qg3 Nd7 35. Bd6 Qg7 36. Qd3 Bf7 37. a4 c4 38. bxc4 bxc4 39. Qd5 Ree8 40. Qd4 Ne5 41. a5 Re6 42. Rf1 Kh7 43. Ba4 Rg8 44. Bxe5 Rxe5 45. Qb6 Re6 46. Rd6 Rxd6 47. Qxd6 Be8 48. Bc2 Rf8 49. Qxa6 Qc7 50. Rxf6 Qc5+ 51. Kh1 Rxf6 52. Qxf6 Qxa5 53. Qe7+ Kh6 54. Qf8+ Kh7 55. Qxe8 Qxc3 56. Qd7+ Kh6 57. Qd1 1-0

[Event "ZAM olympic qual"]
[Site "Lusaka"]
[Date "2012.05.27"]
[Round "5"]
[White "Phiri, Richmond"]
[Black "Chumfwa, Stanley"]
[Result "0-1"]
[WhiteElo "2149"]
[BlackElo "2358"]
[PlyCount "100"]
[EventDate "2012.05.25"]
[EventType "tourn"]
[EventRounds "5"]
[EventCountry "ZAM"]
[SourceTitle "EXT 2013"]
[Source "ChessBase"]
[SourceDate "2012.11.22"]
[SourceVersion "1"]
[SourceVersionDate "2012.11.22"]
[SourceQuality "1"]

1. d4 d5 2. c4 c6 3. Nc3 Nf6 4. Nf3 e6 5. Bg5 dxc4 6. e4 b5 7. e5 h6 8. Bh4 g5 9. Nxg5 hxg5 10. Bxg5 Nbd7 11. g3 Rg8 12. h4 Rxg5 13. hxg5 Nd5 14. g6 fxg6 15. Qg4 Qe7 16. Bg2 Qf7 17. Be4 Ne7 18. Nxb5 cxb5 19. Bxa8 Nb6 20. Be4 Nbd5 21. Qe2 Bb7 22. 0-0 Nf5 23. a4 Nxd4 24. Qg4 Nf4 25. Rfe1 Nd3 26. Bxg6 Nf3+ 27. Qxf3 Bxf3 28. Bxf7+ Kxf7 29. Re3 Bd5 30. axb5 Bc5 31. Re2 Kg6 32. Ra6 Kf5 33. Rc6 Bxc6 34. bxc6 Bb6 35. Kg2 Nxe5 36. Rc2 Nxc6 37. Rxc4 Ne5 38. Rf4+ Kg6 39. Re4 Kf6 40. f3 Nd3 41. b3 e5 42. Rc4 Ne1+ 43. Kh3 Nxf3 44. Kg4 Nd2 45. Rc6+ Ke7 46. Kf5 e4 47. g4 e3 48. Re6+ Kd7 49. b4 Nf3 50. Re4 e2 0-1